<?xml version="1.0" encoding="UTF-8"?>
<record
    xmlns:xsi="http://www.w3.org/2001/XMLSchema-instance"
    xsi:schemaLocation="http://www.loc.gov/MARC21/slim http://www.loc.gov/standards/marcxml/schema/MARC21slim.xsd"
    xmlns="http://www.loc.gov/MARC21/slim">

  <leader>05537nam a22004815i 4500</leader>
  <controlfield tag="001">ssj0002719468</controlfield>
  <controlfield tag="003">EG-ScBUE</controlfield>
  <controlfield tag="005">20230907110050.0</controlfield>
  <controlfield tag="008">220209s2022    sz a   f b    001 0 eng d</controlfield>
  <datafield tag="020" ind1=" " ind2=" ">
    <subfield code="a">9783030955304</subfield>
  </datafield>
  <datafield tag="040" ind1=" " ind2=" ">
    <subfield code="a">EG-ScBUE</subfield>
    <subfield code="b">eng</subfield>
    <subfield code="e">rda</subfield>
    <subfield code="c">EG-ScBUE</subfield>
    <subfield code="d">EG-ScBUE</subfield>
  </datafield>
  <datafield tag="082" ind1="0" ind2="4">
    <subfield code="a">621.382</subfield>
    <subfield code="2">22</subfield>
    <subfield code="b">ART</subfield>
  </datafield>
  <datafield tag="245" ind1="0" ind2="0">
    <subfield code="a">ArtsIT, interactivity and game creation :</subfield>
    <subfield code="b">creative heritage. new perspectives from media arts and artificial intelligence. 10th EAI international conference, artsIT 2021, virtual event, December 2-3, 2021, proceedings /</subfield>
    <subfield code="c">edited by Matthias W&#xF6;lfel, Johannes Bernhardt, Sonja Thiel.</subfield>
  </datafield>
  <datafield tag="264" ind1=" " ind2="1">
    <subfield code="a">Cham :</subfield>
    <subfield code="b">Springer,</subfield>
    <subfield code="c">2022.</subfield>
  </datafield>
  <datafield tag="300" ind1=" " ind2=" ">
    <subfield code="a">XII, 470 pages ;</subfield>
    <subfield code="b">illustration ;</subfield>
    <subfield code="c">24 cm.</subfield>
  </datafield>
  <datafield tag="336" ind1=" " ind2=" ">
    <subfield code="2">rdacontent</subfield>
    <subfield code="a">text</subfield>
    <subfield code="b">txt</subfield>
  </datafield>
  <datafield tag="337" ind1=" " ind2=" ">
    <subfield code="2">rdamedia</subfield>
    <subfield code="a">unmediated</subfield>
    <subfield code="b">n</subfield>
  </datafield>
  <datafield tag="338" ind1=" " ind2=" ">
    <subfield code="2">rdacarrier</subfield>
    <subfield code="a">volume</subfield>
    <subfield code="b">nc</subfield>
  </datafield>
  <datafield tag="347" ind1=" " ind2=" ">
    <subfield code="a">text file</subfield>
    <subfield code="b">PDF</subfield>
    <subfield code="2">rda</subfield>
  </datafield>
  <datafield tag="490" ind1="0" ind2=" ">
    <subfield code="a">Lecture Notes of the Institute for Computer Sciences, Social Informatics and Telecommunications Engineering,</subfield>
    <subfield code="x">1867-822X ;</subfield>
    <subfield code="v">422</subfield>
  </datafield>
  <datafield tag="504" ind1=" " ind2=" ">
    <subfield code="a">Includes bibliographical references and index.
</subfield>
  </datafield>
  <datafield tag="505" ind1="0" ind2=" ">
    <subfield code="a">Media Arts and Virtual Reality -- Digital art and dissipative structures -- Web-Mindscape and REFLEXION - In Sync/Out of Sync - : Biofeedback and Physical Computing in Inter active New Media Art -- NerveLoop: Visualization as Speculative Process to Explore Abstract Neuroscientific Principles through New Media Art Anton Dragan Maslic -- Influence of Visual Appearance of Agents on Presence, Attractiveness, and Agency in Virtual Reality -- Reconstructing Facial Expressions of HMD Users for Avatars in VR -- Tackling online hate speech? Play Your Role!  -- Dynamic Suspense Management Through Adaptive Gameplay -- Toward Injury-Aware Game Design -- Mental Jam: A Pilot Study of Video Game Co-creation for Individuals with Lived Experiences of Depression and Anxiety -- Statistical Models for Predicting Results in Professional League of Legends -- Real-time Dynamic Digital Scenography: An Electronic Opera as a Use Case -- The lost film Pontianak (1957) as a case study to evaluate different strategies of performance capture for virtual heritage -- Considering Authorial Liberty in Adaptive Interactive Narratives -- Towards Inclusive and Interactive Spaces for Breakdancing -- Collaboration, Inclusion and Participation -- Creative collaboration with the "brain" of a search engine: Effects on cognitive stimulation and evaluation apprehension -- Designing Mobile Tasks to Improve Art Description Accessibility for People with Visual Impairments -- Promoting Social Inclusion Around Cultural Heritage Through Collaborative Digital Storytelling -- Resonant Webs: an international online collaborative arts performance for individuals with and without a disability -- Facilitating Mixed Reality Public Participation for Modern Construction Projects: Guiding Project Planners with a Configurator -- Artificial Intelligence in Art and Culture -- AI in Art: Simulating the Human Painting Process -- Unusual Transformation: A Deep Learning Approach to Create Art -- Synthography - An invitation to reconsider the rapidly changing toolkit of digital image creation as a new genre beyond photography -- Contextual storytelling using machine learning representations of sound and music -- Questions and answers: Important steps to let AI chatbots answer questions in the museum -- Poetic Automatisms: A Comparison of Surrealist Automatisms and Artificial Intelligence for Creative Expression -- Approaches and Applications -- Design Patterns of Health Animation - Scaling pattern Languages Into a New Domain -- The Effect of Characters' Locomotion on Audience Perception of Crowd Animation -- Information presentation in autonomous shuttle busses: - What and how?  -- AI Assisted Design of Sokoban Puzzles using Automated Planning -- Logo Generation Using Regional Features: A Faster R-CNN Approach to Generative Adversarial Network -- User Study on the Effects of Explainable AI Visualizations on Non-Experts.</subfield>
  </datafield>
  <datafield tag="506" ind1=" " ind2=" ">
    <subfield code="a">Available on campus and off campus with authorized login.</subfield>
  </datafield>
  <datafield tag="520" ind1=" " ind2=" ">
    <subfield code="a">This book constitutes the refereed post-conference proceedings of the 10th EAI International Conference on ArtsIT, Interactivity and Game Creation, ArtsIT 2021 which was held in December 2021. Due to COVID-19 pandemic the conference was held virtually. The 31 revised full papers presented were carefully selected from 57 submissions. The papers are thematically arranged in the following sections: Media Arts and Virtual Reality; Games; Fusions; Collaboration, Inclusion and Participation; Artificial Intelligence in Art and Culture; Approaches and Applications.</subfield>
  </datafield>
  <datafield tag="650" ind1=" " ind2="7">
    <subfield code="a">Telecommunication.</subfield>
    <subfield code="2">BUEsh</subfield>
  </datafield>
  <datafield tag="650" ind1=" " ind2="7">
    <subfield code="a">Computer networks&#xA0;.</subfield>
    <subfield code="2">BUEsh</subfield>
  </datafield>
  <datafield tag="650" ind1=" " ind2="7">
    <subfield code="a">Artificial intelligence.</subfield>
    <subfield code="2">BUEsh</subfield>
  </datafield>
  <datafield tag="650" ind1=" " ind2="7">
    <subfield code="a">User interfaces (Computer systems).</subfield>
    <subfield code="2">BUEsh</subfield>
  </datafield>
  <datafield tag="650" ind1=" " ind2="7">
    <subfield code="a">Human-computer interaction.</subfield>
    <subfield code="2">BUEsh</subfield>
  </datafield>
  <datafield tag="653" ind1=" " ind2=" ">
    <subfield code="b">ART</subfield>
    <subfield code="2">GD</subfield>
  </datafield>
  <datafield tag="655" ind1=" " ind2=" ">
    <subfield code="v">Reading book</subfield>
  </datafield>
  <datafield tag="700" ind1="1" ind2=" ">
    <subfield code="a">W&#xF6;lfel, Matthias.</subfield>
    <subfield code="0">editor.</subfield>
  </datafield>
  <datafield tag="700" ind1="1" ind2=" ">
    <subfield code="a">Bernhardt, Johannes,</subfield>
    <subfield code="0">editor.</subfield>
  </datafield>
  <datafield tag="700" ind1="1" ind2=" ">
    <subfield code="a">Thiel, Sonja,</subfield>
    <subfield code="0">editor.</subfield>
  </datafield>
  <datafield tag="773" ind1="0" ind2=" ">
    <subfield code="t">Springer Nature eBook</subfield>
  </datafield>
  <datafield tag="776" ind1="0" ind2="8">
    <subfield code="i">Printed edition:</subfield>
    <subfield code="z">9783030955304</subfield>
  </datafield>
  <datafield tag="776" ind1="0" ind2="8">
    <subfield code="i">Printed edition:</subfield>
    <subfield code="z">9783030955328</subfield>
  </datafield>
  <datafield tag="856" ind1="4" ind2="0">
    <subfield code="a">BLOOMINGTON</subfield>
    <subfield code="u">https://KG6EK7CQ2B.search.serialssolutions.com/ejp/?libHash=KG6EK7CQ2B#/search/?searchControl=title&amp;searchType=title_code&amp;criteria=TC0002719468</subfield>
  </datafield>
  <datafield tag="942" ind1=" " ind2=" ">
    <subfield code="2">ddc</subfield>
    <subfield code="c">BB</subfield>
  </datafield>
  <datafield tag="949" ind1=" " ind2=" ">
    <subfield code="h">wellsebook</subfield>
  </datafield>
  <datafield tag="999" ind1=" " ind2=" ">
    <subfield code="c">30551</subfield>
    <subfield code="d">30522</subfield>
  </datafield>
  <datafield tag="952" ind1=" " ind2=" ">
    <subfield code="0">0</subfield>
    <subfield code="1">0</subfield>
    <subfield code="2">ddc</subfield>
    <subfield code="4">0</subfield>
    <subfield code="7">0</subfield>
    <subfield code="8">Baccah</subfield>
    <subfield code="a">MAIN</subfield>
    <subfield code="b">MAIN</subfield>
    <subfield code="c">1ST</subfield>
    <subfield code="d">2023-09-07</subfield>
    <subfield code="e">Purchase</subfield>
    <subfield code="g">2619.00</subfield>
    <subfield code="h">37586</subfield>
    <subfield code="l">0</subfield>
    <subfield code="o">621.382 ART</subfield>
    <subfield code="p">000056880</subfield>
    <subfield code="r">2025-07-15 00:00:00</subfield>
    <subfield code="v">3273.75</subfield>
    <subfield code="w">2023-09-07</subfield>
    <subfield code="y">BB</subfield>
  </datafield>
</record>
